Statistics for Selected Geography of Cambodia on a Map

Click here to take the quiz!

General Stats

  • This quiz has been taken 252 times
  • The average score is 9 of 24

Answers on the Map

Answers color-coded by a green-red scale on the quiz's map according to % correct below.
 

Answer Stats

HintAnswer% Correct
Largest and capital cityPhnom Penh
97%
This famous temple lies north of the aboveAngkor Wat
86%
Large, well known riverMekong River
86%
Cambodia is situated on this gulfGulf of Thailand
72%
Bordering country to the westThailand
71%
Bordering country to the eastVietnam
68%
Bordering country to the northLaos
67%
The second largest citySiem Reap
65%
The largest lake of Cambodia and IndochinaTonle Sap
33%
This river shares its name with the aboveTonle Sap River
33%
The third largest cityBattambang
31%
The largest coastal citySihanoukville
28%
The head of state lives here, situated in the aboveRoyal Palace
24%
The smallest, newest and least populous province.Kep
21%
This island, Cambodia's largest, shares its name with the province it is inKoh Kong
20%
The largest, least densely populated province.Mondulkiri
20%
The mountain range of the above, named after a spiceCardamom Mountains
18%
Upstream of this city live the country's last freshwater dolphinsKratie
18%
A large bay on which the above is situatedBay of Kampong Som
14%
The tallest peak of CambodiaPhnom Aural
13%
This river splits off from the convergence of the two aboveBassac River
11%
This national park is Cambodia's largestBotum Sakor National Park
10%
These two remote islands are part of CambodiaKoh Poulo Wai
9%
This waterfall on the border to the above is Cambodia's largestSopheakmit waterfall
9%

Score Distribution

Percentile by Number Answered

Percent of People with Each Score

Your Score History

You have not taken this quiz